THE AIR MANUAL CIVIL AND CRIMINAL INCOME TAX -ACT, 1961 [SEC-139 TO INDIRA GANDHI NATIONAL TRIBAL UNIVERSITY ACT, 2007] VOL-28, (Record no. 7762)

MARC details
000 -LEADER
fixed length control field 00474nam a22001457a 4500
005 - DATE AND TIME OF LATEST TRANSACTION
control field 20210325110818.0
008 - FIXED-LENGTH DATA ELEMENTS--GENERAL INFORMATION
fixed length control field 210325b ||||| |||| 00| 0 eng d
082 ## - DEWEY DECIMAL CLASSIFICATION NUMBER
Classification number 345.408 23
100 ## - MAIN ENTRY--AUTHOR NAME
Personal name MANOHAR AND CHITALEY
245 ## - TITLE STATEMENT
Title THE AIR MANUAL CIVIL AND CRIMINAL INCOME TAX -ACT, 1961 [SEC-139 TO INDIRA GANDHI NATIONAL TRIBAL UNIVERSITY ACT, 2007] VOL-28,
260 ## - PUBLICATION, DISTRIBUTION, ETC. (IMPRINT)
Place of publication NAGPUR
Name of publisher THE ALL INDIA REPORTER PVT,LTD.
300 ## - PHYSICAL DESCRIPTION
Number of Pages 1236,P
650 ## - SUBJECT ADDED ENTRY--TOPICAL TERM
Topical Term LAW
942 ## - ADDED ENTRY ELEMENTS (KOHA)
Koha item type Journals/Serial

No items available.